Reverberations : the philosophy, aesthetics and politics of noise
Αποθηκεύτηκε σε:
| Άλλοι συγγραφείς: | , , |
|---|---|
| Μορφή: | Βιβλίο |
| Γλώσσα: | English |
| Δημοσίευση: |
London :
Continuum,
2012.
|
| Θέματα: | |
| Ετικέτες: |
Προσθήκη ετικέτας
Δεν υπάρχουν, Καταχωρήστε ετικέτα πρώτοι!
|
MARC
| LEADER | 00000nam a2200000 a 4500 | ||
|---|---|---|---|
| 001 | 1/107270 | ||
| 008 | 150707s2012####enk|||||||||||||| ||eng|| | ||
| 020 | |a 9781441160652 | ||
| 040 | |a GR-MyUa |b gre |c GR-MyUa |e AACR2 | ||
| 041 | 0 | |a eng | |
| 082 | 7 | |a 155.91 |2 (23) | |
| 245 | 0 | 0 | |a Reverberations : |b the philosophy, aesthetics and politics of noise / |c edited by Michael Goddard, Benjamin Halligan and Paul Hegarty. |
| 260 | |a London : |b Continuum, |c 2012. | ||
| 300 | |a xiii, 287 σ. : |b εικ. ; |c 23 εκ. | ||
| 504 | |a Περιέχει βιβλιογραφικές αναφορές και ευρετήριο. | ||
| 650 | 0 | |a Noise (Philosophy). | |
| 650 | 0 | |a Sound (Philosophy). | |
| 650 | 0 | |a Aesthetics. | |
| 700 | 1 | |a Goddard, Michael, |d 1965- |e edt | |
| 700 | 1 | |a Halligan, Benjamin, |e edt | |
| 700 | 1 | |a Hegarty, Paul, |e edt | |
| 852 | |a INST |b LESVOS |c BK |e 20150707 |h 155.91 REV |p 005100056698 |q 005100056698 |t BK |y 0 | ||
| 922 | |a 1ΕΛΗ |b 2015-04 |c Τμήμα Κοινωνικής Ανθρωπολογίας και Ιστορίας |d Διαδρομές | ||
| 970 | |a Καμάτσου |b Δέσποινα |z 07-07-2015 | ||